[Event "Napoli Natale al Vomero 2nd"]
[Site "Napoli"]
[Date "2005.11.24"]
[Round "4"]
[White "Gatta, Ferdinando"]
[Black "Iodice, Vincenzo"]
[Result "0-1"]
[WhiteElo "1528"]
[BlackElo "1688"]
[PlyCount "80"]
[EventDate "2005.11.03"]
[EventType "swiss"]
[EventRounds "6"]
[EventCountry "ITA"]
[SourceTitle "EXT 2018"]
[Source "ChessBase"]
[SourceDate "2017.10.13"]
[SourceVersion "1"]
[SourceVersionDate "2017.10.13"]
[SourceQuality "1"]

1. d4 Nf6 2. c4 g6 3. Nc3 d5 4. cxd5 Nxd5 5. e4 Nxc3 6. bxc3 Bg7 7. e5 c5 8. Nf3 0-0 9. h3 Nc6 10. Be3 Qa5 11. Qd2 cxd4 12. cxd4 Qxd2+ 13. Kxd2 Rd8 14. Bd3 Be6 15. Ke2 Nb4 16. a3 Nxd3 17. Kxd3 Bd5 18. Rhc1 Bxf3 19. gxf3 Bxe5 20. Rc4 Bd6 21. Ke2 Kf8 22. a4 Ke8 23. Rb1 b6 24. d5 Rac8 25. Rbc1 Rxc4 26. Rxc4 Kd7 27. Rh4 h5 28. Bf4 Bc5 29. Be3 Ke8 30. Rc4 Rxd5 31. a5 Bxe3 32. fxe3 Rxa5 33. Kd3 b5 34. Rb4 Ra3+ 35. Ke2 a6 36. e4 Kd7 37. h4 Kc6 38. e5 Ra4 39. Rb1 Rxh4 40. Rc1+ Rc4 0-1

[Event "Napoli Natale al Vomero 2nd"]
[Site "Napoli"]
[Date "2005.11.10"]
[Round "2"]
[White "Ricci, Giuseppe"]
[Black "Gatta, Ferdinando"]
[Result "1-0"]
[WhiteElo "1820"]
[BlackElo "1531"]
[PlyCount "61"]
[EventDate "2005.11.03"]
[EventType "swiss"]
[EventRounds "6"]
[EventCountry "ITA"]
[SourceTitle "EXT 2018"]
[Source "ChessBase"]
[SourceDate "2017.10.13"]
[SourceVersion "1"]
[SourceVersionDate "2017.10.13"]
[SourceQuality "1"]

1. e4 c6 2. d4 d5 3. Nc3 dxe4 4. Nxe4 Bf5 5. Ng3 Bg6 6. Nf3 Nd7 7. h4 h6 8. h5 Bh7 9. Bd3 Bxd3 10. Qxd3 e6 11. Bd2 Ngf6 12. 0-0-0 Qb6 13. Ne4 Be7 14. Nxf6+ Nxf6 15. Ne5 Rf8 16. Qg3 Ne4 17. Qxg7 Nxd2 18. Kxd2 Bg5+ 19. Ke2 Qb5+ 20. Nd3 0-0-0 21. Qe5 Rd5 22. Qe4 Kd8 23. b3 Qa6 24. Kf1 c5 25. dxc5 f5 26. Qa4 Qc6 27. Qxa7 Kc7 28. Qb6+ Qxb6 29. cxb6+ Kxb6 30. Ke2 Kb5 31. c4+ 1-0

[Event "Napoli Settembre al Vomero 2nd"]
[Site "Napoli"]
[Date "2005.09.29"]
[Round "3"]
[White "Gatta, Ferdinando"]
[Black "Antignani, Luigi"]
[Result "1/2-1/2"]
[WhiteElo "1531"]
[BlackElo "2027"]
[PlyCount "37"]
[EventDate "2005.09.15"]
[EventType "swiss"]
[EventRounds "7"]
[EventCountry "ITA"]
[SourceTitle "EXT 2018"]
[Source "ChessBase"]
[SourceDate "2017.10.13"]
[SourceVersion "1"]
[SourceVersionDate "2017.10.13"]
[SourceQuality "1"]

1. c4 e5 2. Nc3 f5 3. e4 Nf6 4. b3 Bb4 5. g3 Bxc3 6. dxc3 fxe4 7. Bg2 0-0 8. Bg5 d6 9. Bxe4 Nbd7 10. Qc2 h6 11. Be3 Nxe4 12. Qxe4 Nf6 13. Qc2 Ng4 14. 0-0-0 b5 15. h3 Bb7 16. hxg4 Bxh1 17. Bxh6 gxh6 18. Qg6+ Kh8 19. Qxh6+ 1/2-1/2